000 00788nam a2200289Ia 4500
001 7650
003 IT-RoPAU
008 130308s9999 xx 000 0 und d
040 _aIT-RoPAU
040 _cIT-RoPAU
041 _aITALIANO
100 _aRomano Giorgio
100 _gCodice Aut. SPICS: 1930
245 _aInchiesta filmata come mezzo di comunicazione coi giovani
245 _bInchiesta Filmata Come mezzo di Comunicazione (L')
250 _a1a ed.
260 _aROMA
260 _bLerici
260 _c1966 [1° Ed.:1966 - Ed.Ling.Originale:1965]
300 _a"6 p. (prefazione: no ; testo: 6 [pagine: 119-124])"
650 _aGENERI CINEMATOGRAFICI
650 _eCodice materia Spics: 6810
942 _cBK
957 _71
999 _c54736
_d54736
999 _bSI
999 _g1